Quy định pháp luật về quản lý ô tô, xe máy Sưu tầm và tuyển chọn

Spremljeno u:
Bibliografski detalji
Format: Knjiga
Jezik:Vietnamese
Izdano: Lao động 2001
Oznake: Dodaj oznaku
Bez oznaka, Budi prvi tko označuje ovaj zapis!
Thư viện lưu trữ: Mạng thư viện Đại học Đà Nẵng
LEADER 00665nam a2200241 4500
001 000023337
003 19788
005 20151028081054.0
008 151028s2001 viesd
020 |c 4700 
041 0 |a vie 
082 1 4 |a Qu-Đ  |b 344.052332 
245 1 0 |a Quy định pháp luật về quản lý ô tô, xe máy  |b Sưu tầm và tuyển chọn  |c Nguyễn Bích Hạnh, Lê Hải Anh. 
260 |a Lao động  |c 2001 
300 |a tr.  |c cm. 
OWN |a LSP 
999 |a From the UDN01 
TYP |a Monograph 
TYP |a Printed language 
980 |a Mạng thư viện Đại học Đà Nẵng